Banana split: how EU policies divide global producers (Record no. 35409)

MARC details
000 -LEADER
fixed length control field 01171nam a2200253 a 4500
008 - FIXED-LENGTH DATA ELEMENTS--GENERAL INFORMATION
fixed length control field 060830s2005 ||||||||||||||||| || u
020 ## - INTERNATIONAL STANDARD BOOK NUMBER
International Standard Book Number 9211126770
050 ## - LIBRARY OF CONGRESS CALL NUMBER
Classification number UNCTAD(08)PIITCS
100 ## - MAIN ENTRY--PERSONAL NAME
Personal name Chau , Veronica
245 10 - TITLE STATEMENT
Title Banana split: how EU policies divide global producers
Statement of responsibility, etc. by David Vanzetti;Santiago Fernandez de Cordoba;Veronica Chau
260 ## - PUBLICATION, DISTRIBUTION, ETC.
Place of publication, distribution, etc. New York:
Name of publisher, distributor, etc. United Nations Conference on Trade and Development (UNCTAD)
Date of publication, distribution, etc. 2005
300 ## - PHYSICAL DESCRIPTION
Extent v,19p. : ill.
350 ## - PRICE (NR) (BK AM CF MU VM SE) [OBSOLETE]
Price 0.00
490 ## - SERIES STATEMENT
Series statement Policy Issues in International Trade and Commodities Study
500 ## - GENERAL NOTE
General note policy issues in international trade and commodities
650 ## - SUBJECT ADDED ENTRY--TOPICAL TERM
Topical term or geographic name entry element INTERNATIONAL TRADE POLICY--ASIA, WESTERN
650 ## - SUBJECT ADDED ENTRY--TOPICAL TERM
Topical term or geographic name entry element BANANA TRADE --EUROPEAN UNION COUNTRIES
650 ## - SUBJECT ADDED ENTRY--TOPICAL TERM
Topical term or geographic name entry element POLICY ANALYSIS--RESEARCH
650 ## - SUBJECT ADDED ENTRY--TOPICAL TERM
Topical term or geographic name entry element TRADE POLICY REFORMS--RESEARCH
700 ## - ADDED ENTRY--PERSONAL NAME
Personal name Vanzetti, David
700 ## - ADDED ENTRY--PERSONAL NAME
Personal name de Cordoba, Santiago Fernandez
710 ## - ADDED ENTRY--CORPORATE NAME
Corporate name or jurisdiction name as entry element United Nations Conference on Trade and Development (UNCTAD)
995 ## - RECOMMENDATION 995 [LOCAL, UNIMARC FRANCE]
-- 0.00
-- CBU-MAIN LIBRARY (Kitwe)
-- 1
-- 0.00
-- 1
-- AVAILABLE
-- Aug 30, 2006
-- International Publications
Holdings
Withdrawn status Lost status Source of classification or shelving scheme Damaged status Not for loan Home library Current library Shelving location Date acquired Total Checkouts Full call number Barcode Date last seen Price effective from Koha item type
          CBU-MAIN LIBRARY, KITWE. CBU-MAIN LIBRARY, KITWE.   11/30/2022   UNCTAD(08)PIITCS Z03001071 11/30/2022 11/30/2022 MONOGRAPH